Komparácia krajín V4 na základe makroekonomických ukazovateľov

Čo je V4. Bodová metóda ako nástroj na porovnanie krajín V4. Hodnotiace makroekonomické kritéria. Porovnanie krajín na základe bodovej metódy. Analýza dosiahnutých výsledkov.

Gespeichert in:
Bibliographische Detailangaben
1. Verfasser: Komáromy, Peter
Format: Buchkapitel
Sprache:Slowakisch
Schlagworte:
Tags: Tag hinzufügen
Keine Tags, Fügen Sie das erste Tag hinzu!

MARC

LEADER 00000naa$a2200000$$$4500
001 0091466
005 20240502072024.1
041 0 |a slo 
044 |a SK 
245 1 0 |a Komparácia krajín V4 na základe makroekonomických ukazovateľov  |c Peter Komáromy 
520 |a Čo je V4. Bodová metóda ako nástroj na porovnanie krajín V4. Hodnotiace makroekonomické kritéria. Porovnanie krajín na základe bodovej metódy. Analýza dosiahnutých výsledkov. 
610 2 0 |a Vyšehradská štvorka 
610 2 0 |a porovnanie medzinárodné 
610 2 0 |a metódy 
610 2 0 |a ukazovatele makroekonomické 
100 1 |a Komáromy, Peter